Explaining spacio-cide in the palestinian territory: colonization, separation, and state of exception /

Guardado en:
Bibliografiske detaljer
Hovedforfatter: Hanafi, Sari
Format: Texto
Tags: Tilføj Tag
Ingen Tags, Vær først til at tagge denne postø!

MARC

LEADER 00000 a a2200000 04500
001 47217
003
040
100 |a Hanafi, Sari  
245 |a Explaining spacio-cide in the palestinian territory:   |b colonization, separation, and state of exception /  |c Sari Hanafi  
773 |g volumen61, número2, (2013), páginas 190-205  
999 |c 36520  |d 36520